[Event "SWE-chT 2122 Elite"]
[Site "Sweden"]
[Date "2022.04.09"]
[Round "6"]
[White "Grandell, Anders"]
[Black "Kretz, Johan"]
[Result "1-0"]
[WhiteElo "2275"]
[BlackElo "2211"]
[PlyCount "81"]
[EventDate "2021.12.03"]
[EventType "team-tourn"]
[EventRounds "9"]
[EventCountry "SWE"]
[SourceTitle "EXT 2024"]
[Source "ChessBase"]
[SourceDate "2023.10.10"]
[SourceVersion "1"]
[SourceVersionDate "2023.10.10"]
[SourceQuality "1"]
[WhiteTeam "Wasa"]
[BlackTeam "Vasteras"]
[WhiteTeamCountry "SWE"]
[BlackTeamCountry "SWE"]

1. d4 Nf6 2. c4 e6 3. Nf3 Bb4+ 4. Bd2 Qe7 5. g3 Nc6 6. Bg2 Bxd2+ 7. Nbxd2 d6 8. Nf1 0-0 9. Ne3 d5 10. 0-0 Rd8 11. Qc1 Bd7 12. Rd1 Be8 13. cxd5 exd5 14. Nf5 Qf8 15. Bh3 Kh8 16. Ne5 Ng8 17. Qf4 Nxe5 18. dxe5 Bd7 19. Rxd5 g6 20. Nh6 Bxh3 21. Rxd8 Rxd8 22. Nxf7+ Kg7 23. Nxd8 Qxd8 24. g4 Qh4 25. f3 h5 26. Qg3 Qxg3+ 27. hxg3 hxg4 28. f4 Kf7 29. Rc1 c6 30. Rd1 Ke8 31. Rd6 Ne7 32. e4 c5 33. a4 a6 34. Rb6 Nc6 35. Rxb7 g5 36. Kf2 gxf4 37. gxf4 Nb4 38. Kg3 Nd3 39. e6 c4 40. Rc7 Nxb2 41. f5 1-0

[Event "SWE-chT 1920 Elite"]
[Site "Sweden"]
[Date "2019.10.20"]
[Round "3.2"]
[White "Grandell, Anders"]
[Black "Thorn, Eric"]
[Result "1/2-1/2"]
[WhiteElo "2294"]
[BlackElo "2229"]
[PlyCount "56"]
[EventDate "2019.10.18"]
[EventType "team-tourn"]
[EventRounds "9"]
[EventCountry "SWE"]
[SourceTitle "CBM 192 Extra"]
[Source "Chessbase"]
[SourceDate "2019.11.06"]
[SourceVersion "1"]
[SourceVersionDate "2019.11.06"]
[SourceQuality "1"]
[WhiteTeam "Wasa"]
[BlackTeam "Stockholm CC"]
[WhiteTeamCountry "SWE"]
[BlackTeamCountry "SWE"]

1. d4 Nf6 2. c4 e6 3. Nf3 d5 4. Nc3 dxc4 5. e3 a6 6. a4 c5 7. Bxc4 Nc6 8. 0-0 Be7 9. dxc5 Qxd1 10. Rxd1 Bxc5 11. h3 Bb4 12. Na2 Be7 13. Bd2 Ne4 14. Be1 Bf6 15. Rab1 Bd7 16. b4 Ne7 17. Bd3 Nd6 18. e4 Ng6 19. Bc3 Bxc3 20. Nxc3 Rc8 21. Rdc1 Ke7 22. e5 Nc4 23. Bxg6 hxg6 24. Ne4 Na3 25. Ra1 Nc2 26. Rab1 Na3 27. Ra1 Nc2 28. Rab1 Na3 1/2-1/2

[Event "EU-Cup 34th"]
[Site "Porto Carras"]
[Date "2018.10.16"]
[Round "5.6"]
[White "Grandell, Anders"]
[Black "Duijn, Rob"]
[Result "1-0"]
[WhiteElo "2268"]
[BlackElo "2169"]
[PlyCount "119"]
[EventDate "2018.10.12"]
[EventType "team-swiss"]
[EventRounds "7"]
[EventCountry "GRE"]
[SourceTitle "CBM 187"]
[Source "ChessBase"]
[SourceDate "2018.12.11"]
[SourceVersion "1"]
[SourceVersionDate "2018.12.11"]
[SourceQuality "1"]
[WhiteTeam "Team Viking"]
[BlackTeam "Deloitte"]
[WhiteTeamCountry "SWE"]
[BlackTeamCountry "NED"]

1. d4 d5 2. c4 c6 3. Nc3 Nf6 4. Nf3 a6 5. Qc2 g6 6. Bg5 Nbd7 7. e4 dxe4 8. Nxe4 Qa5+ 9. Bd2 Qc7 10. Ng3 Bg7 11. Bd3 c5 12. d5 Ne5 13. Nxe5 Qxe5+ 14. Ne2 Bf5 15. Bf4 Bxd3 16. Qxd3 Qe4 17. Qxe4 Nxe4 18. Be3 Rc8 19. Rc1 Nd6 20. b3 h5 21. 0-0 Kd7 22. a4 a5 23. Rcd1 b6 24. Rfe1 Rce8 25. Nc1 Nf5 26. Nd3 Rc8 27. Bf4 Rce8 28. Re4 Bf6 29. Rde1 Rhg8 30. h3 Bc3 31. Rc1 Bf6 32. g4 hxg4 33. hxg4 Nd6 34. Re2 Rh8 35. Kg2 Rh4 36. f3 Reh8 37. Bg3 R4h7 38. Ree1 g5 39. Rh1 Rxh1 40. Rxh1 Rxh1 41. Kxh1 Bd4 42. Bxd6 Kxd6 43. Kg2 Be3 44. Kf1 Bd4 45. Ke2 Bg1 46. f4 gxf4 47. Kf3 Bd4 48. Kxf4 Bc3 49. Nf2 Kd7 50. Ne4 Bd4 51. Ng5 f6 52. Ne6 Be5+ 53. Kf5 Bh2 54. Kg6 Ke8 55. Kg7 Be5 56. Kg8 Bg3 57. Ng7+ Kd7 58. Kf7 Bc7 59. Ne6 Bg3 60. Nf8+ 1-0

[Event "EU-Cup 34th"]
[Site "Porto Carras"]
[Date "2018.10.12"]
[Round "1.6"]
[White "Lalouette, Herve"]
[Black "Grandell, Anders"]
[Result "0-1"]
[WhiteElo "1681"]
[BlackElo "2268"]
[PlyCount "78"]
[EventDate "2018.10.12"]
[EventType "team-swiss"]
[EventRounds "7"]
[EventCountry "GRE"]
[SourceTitle "CBM 187"]
[Source "ChessBase"]
[SourceDate "2018.12.11"]
[SourceVersion "1"]
[SourceVersionDate "2018.12.11"]
[SourceQuality "1"]
[WhiteTeam "Bois Colombes"]
[BlackTeam "Team Viking"]
[WhiteTeamCountry "FRA"]
[BlackTeamCountry "SWE"]

1. e4 c5 2. Nf3 Nc6 3. d4 cxd4 4. Nxd4 g6 5. Nc3 Bg7 6. Be3 Nf6 7. Bc4 0-0 8. f3 Qb6 9. Ncb5 a6 10. Nf5 Qd8 11. Nh6+ Bxh6 12. Bxh6 axb5 13. Bxf8 Kxf8 14. Bd3 Qb6 15. Qd2 d5 16. Qf2 Qxf2+ 17. Kxf2 dxe4 18. fxe4 b4 19. Rhe1 Ng4+ 20. Kg1 Be6 21. a3 b3 22. c3 Nge5 23. Bb5 Na5 24. Rad1 Nac4 25. Rd4 Nxb2 26. Rb1 Nbc4 27. Rxb3 Nxa3 28. Rb2 Nxb5 29. Rxb5 Ra1+ 30. Kf2 Ng4+ 31. Kg3 Rc1 32. Rc5 Nf6 33. h3 b6 34. Rc7 Re1 35. Kf3 Nxe4 36. Rxe4 Bd5 37. Rc8+ Kg7 38. Rcc4 Rxe4 39. Rxe4 f5 0-1

[Event "SWE-chT 1718 Elite"]
[Site "Sweden"]
[Date "2017.10.21"]
[Round "2.1"]
[White "Ziegler, Ari"]
[Black "Grandell, Anders"]
[Result "1/2-1/2"]
[WhiteElo "2319"]
[BlackElo "2224"]
[PlyCount "127"]
[EventDate "2017.10.20"]
[EventType "team-tourn"]
[EventRounds "9"]
[EventCountry "SWE"]
[SourceTitle "CBM 181 Extra"]
[Source "ChessBase"]
[SourceDate "2017.12.12"]
[SourceVersion "1"]
[SourceVersionDate "2017.12.12"]
[SourceQuality "1"]
[WhiteTeam "Malmo"]
[BlackTeam "Viking Team"]
[WhiteTeamCountry "SWE"]
[BlackTeamCountry "SWE"]

1. e4 c5 2. Nf3 Nc6 3. Bb5 e6 4. b3 Nge7 5. Bb2 a6 6. Bxc6 Nxc6 7. e5 d6 8. exd6 Bxd6 9. Bxg7 Rg8 10. Bb2 Rxg2 11. Qe2 Nd4 12. Nxd4 cxd4 13. Bxd4 Qh4 14. Be3 Bd7 15. Nc3 Bc6 16. 0-0-0 0-0-0 17. h3 Rg6 18. f3 Qh5 19. Rhf1 Qxh3 20. Bb6 Rdg8 21. Ne4 Ba3+ 22. Kb1 Qf5 23. Qh2 e5 24. Qxh7 Qe6 25. Nc3 R6g7 26. Qh5 f5 27. d4 Be8 28. Qh3 Qxb6 29. Qxf5+ Bd7 30. Qxe5 Bd6 31. Qe4 Re8 32. Qd3 Kb8 33. Rg1 Rxg1 34. Rxg1 Qa5 35. Ne4 Bf5 36. a4 Bf4 37. Rh1 Qd5 38. Re1 Rd8 39. Rd1 Bc7 40. Qe3 Qc6 41. Re1 Ka8 42. Kb2 Bb6 43. c3 Rc8 44. Rc1 Re8 45. Re1 Bc7 46. Re2 Qg6 47. Ka2 Qh7 48. Kb2 Qh4 49. Qd3 Bf4 50. Ka2 Qh1 51. Kb2 Rg8 52. b4 Qc1+ 53. Kb3 Qf1 54. b5 Ka7 55. d5 Bc7 56. Rd2 Qa1 57. Ra2 Qg1 58. a5 Bxe4 59. fxe4 axb5 60. Qxb5 Qb1+ 61. Rb2 Qd1+ 62. Ka2 Rb8 63. Qc5+ Ka8 64. Qxc7 1/2-1/2

[Event "SWE-chT 1617"]
[Site "Sweden"]
[Date "2017.03.24"]
[Round "7.1"]
[White "Outgajjouft, Said"]
[Black "Grandell, Anders"]
[Result "0-1"]
[WhiteElo "2078"]
[BlackElo "2264"]
[PlyCount "72"]
[EventDate "2016.10.14"]
[EventType "team-tourn"]
[EventRounds "9"]
[EventCountry "SWE"]
[SourceTitle "CBM 177 Extra"]
[Source "ChessBase"]
[SourceDate "2017.04.27"]
[SourceVersion "1"]
[SourceVersionDate "2017.04.27"]
[SourceQuality "1"]
[WhiteTeam "Manhem"]
[BlackTeam "Viking Team"]
[WhiteTeamCountry "SWE"]
[BlackTeamCountry "SWE"]

1. e4 c5 2. Nc3 g6 3. f4 Bg7 4. Nf3 Nc6 5. Bb5 Nd4 6. Bc4 a6 7. d3 e6 8. a4 Ne7 9. 0-0 d5 10. Ba2 0-0 11. Kh1 b5 12. Ne5 Bb7 13. exd5 exd5 14. Be3 Nef5 15. Bf2 Ne6 16. Qf3 Nfd4 17. Bxd4 Nxd4 18. Qf2 Qd6 19. Nd1 Bxe5 20. fxe5 Qxe5 21. Ne3 f5 22. c3 Ne6 23. d4 cxd4 24. cxd4 Qd6 25. Rad1 Ng5 26. Rc1 Rae8 27. Qd2 Ne4 28. Qd3 bxa4 29. Kg1 Kg7 30. Qa3 Qd7 31. Qb4 Rf7 32. Rc2 f4 33. Nd1 f3 34. Rxf3 Rxf3 35. gxf3 Ng5 36. Kg2 Qh3+ 0-1

[Event "Hasselbacken op"]
[Site "Stockholm"]
[Date "2016.05.07"]
[Round "8"]
[White "Grandell, Anders"]
[Black "Liang, Awonder"]
[Result "0-1"]
[WhiteElo "2290"]
[BlackElo "2410"]
[PlyCount "72"]
[EventDate "2016.04.30"]
[EventType "swiss"]
[EventRounds "9"]
[EventCountry "SWE"]
[SourceTitle "CBM 172 Extra"]
[Source "ChessBase"]
[SourceDate "2016.06.21"]
[SourceVersion "1"]
[SourceVersionDate "2016.06.21"]
[SourceQuality "1"]

1. d4 d5 2. Nf3 Nf6 3. g3 g6 4. Bg2 Bg7 5. 0-0 0-0 6. c4 dxc4 7. Na3 c3 8. bxc3 c5 9. Ne5 Nc6 10. Nxc6 bxc6 11. Nc4 Nd5 12. Bb2 Rb8 13. Qd2 Ba6 14. Bxd5 Qxd5 15. Ne3 Qh5 16. Rfe1 Rfd8 17. Rad1 cxd4 18. cxd4 c5 19. g4 Qh4 20. Qa5 cxd4 21. Bxd4 Bxd4 22. Rxd4 Rxd4 23. Qxa6 Rd7 24. Rc1 Rbd8 25. Rc8 e6 26. Kg2 Rxc8 27. Qxc8+ Qd8 28. Qc3 Rd4 29. h3 h6 30. Qc5 Rd2 31. Qc4 Qd4 32. Qa6 Kg7 33. Kf3 Rb2 34. h4 Rb1 35. Qa5 e5 36. Nd5 Rg1 0-1

[Event "SWE-chT 1516"]
[Site "Sweden"]
[Date "2016.01.30"]
[Round "5"]
[White "Glimbrant, Torbjorn"]
[Black "Grandell, Anders"]
[Result "1/2-1/2"]
[WhiteElo "2192"]
[BlackElo "2330"]
[PlyCount "70"]
[EventDate "2015.11.06"]
[EventType "team-tourn"]
[EventRounds "9"]
[EventCountry "SWE"]
[SourceTitle "EXT 2018"]
[Source "ChessBase"]
[SourceDate "2017.10.13"]
[SourceVersion "1"]
[SourceVersionDate "2017.10.13"]
[SourceQuality "1"]
[WhiteTeam "Kungstornet"]
[BlackTeam "Stockholm Viking"]
[WhiteTeamCountry "SWE"]
[BlackTeamCountry "SWE"]

1. d4 d5 2. c4 dxc4 3. Nf3 Nf6 4. e3 b5 5. a4 b4 6. Bxc4 e6 7. 0-0 Be7 8. Qe2 Bb7 9. Rd1 0-0 10. Nbd2 Nbd7 11. e4 c5 12. e5 Nd5 13. Ne4 Qc7 14. Nxc5 Nxc5 15. dxc5 Bxc5 16. Bd3 Be7 17. Bd2 Rfc8 18. Ng5 g6 19. Rdc1 Qd8 20. h4 Rxc1+ 21. Rxc1 Rc8 22. Rxc8 Bxc8 23. Qf3 Qf8 24. h5 Bxg5 25. Bxg5 Qg7 26. Bf6 Qh6 27. Be4 Bb7 28. hxg6 hxg6 29. Bxd5 Qc1+ 30. Kh2 Bxd5 31. Qh3 Qf4+ 32. Kg1 Qc1+ 33. Kh2 Qf4+ 34. Kg1 Qc1+ 35. Kh2 Qf4+ 1/2-1/2

[Event "Rilton Cup 45th"]
[Site "Stockholm"]
[Date "2016.01.04"]
[Round "8"]
[White "Grandell, Anders"]
[Black "Martynov, Pavel1111"]
[Result "0-1"]
[WhiteElo "2330"]
[BlackElo "2380"]
[PlyCount "66"]
[EventDate "2015.12.27"]
[EventType "swiss"]
[EventRounds "9"]
[EventCountry "SWE"]
[SourceTitle "EXT 2017"]
[Source "ChessBase"]
[SourceDate "2016.10.25"]
[SourceVersion "1"]
[SourceVersionDate "2016.10.25"]
[SourceQuality "1"]

1. d4 d5 2. c4 c6 3. Nf3 Nf6 4. Nc3 dxc4 5. a4 Bf5 6. Ne5 Nbd7 7. Nxc4 Nb6 8. Ne5 a5 9. g3 Nfd7 10. Nd3 e6 11. e4 Bg6 12. Bg2 Be7 13. h4 h6 14. 0-0 0-0 15. b3 Bh7 16. Bb2 Nf6 17. Qe2 Nbd7 18. Rfd1 Qb6 19. d5 exd5 20. exd5 Rfe8 21. Rd2 Rac8 22. Qd1 Bxd3 23. Rxd3 Nc5 24. Rf3 Rcd8 25. Rb1 cxd5 26. Nb5 Nce4 27. Qd3 Bc5 28. Nd4 Ng4 29. Rf4 Ne5 30. Qe3 Ng6 31. Rf5 Nd6 32. Qe2 Nxf5 33. Nxf5 d4 0-1

[Event "Rilton Cup 45th"]
[Site "Stockholm"]
[Date "2016.01.01"]
[Round "5"]
[White "Norlin, Egor"]
[Black "Grandell, Anders"]
[Result "0-1"]
[WhiteElo "2084"]
[BlackElo "2330"]
[PlyCount "100"]
[EventDate "2015.12.27"]
[EventType "swiss"]
[EventRounds "9"]
[EventCountry "SWE"]
[SourceTitle "CBM 170 Extra"]
[Source "ChessBase"]
[SourceDate "2016.02.25"]
[SourceVersion "1"]
[SourceVersionDate "2016.02.25"]
[SourceQuality "1"]

1. d4 Nf6 2. c4 c5 3. d5 b5 4. a4 b4 5. Nd2 g6 6. b3 Bg7 7. Bb2 d6 8. e4 0-0 9. Qc2 e6 10. Bd3 exd5 11. cxd5 Re8 12. Ne2 Nbd7 13. f3 Ne5 14. Bb5 Bd7 15. Bxd7 Qxd7 16. 0-0 Nh5 17. Ng3 Nf4 18. Nc4 Nxc4 19. bxc4 Bxb2 20. Qxb2 Qe7 21. Rad1 Rab8 22. Rfe1 f6 23. Ne2 Nxe2+ 24. Rxe2 Qe5 25. Qxe5 fxe5 26. Rb2 Rf8 27. a5 a6 28. Rb3 Rf7 29. Kf2 Rbf8 30. Ke2 g5 31. g4 Rf4 32. Rg1 Kg7 33. Rg3 Rh8 34. Rh3 h5 35. gxh5 Rh4 36. Rxh4 gxh4 37. Rb1 Rxh5 38. Rg1+ Kf7 39. f4 exf4 40. Kf3 Rh6 41. Rg4 Rg6 42. Rxh4 b3 43. Rh7+ Rg7 44. Rh8 Rg1 45. Rb8 Rb1 46. Kg4 b2 47. Kf5 f3 48. Rb7+ Kg8 49. Rb8+ Kg7 50. Rb7+ Kh6 0-1

[Event "SWE-ch U20"]
[Site "Kungsor"]
[Date "2009.07.09"]
[Round "11"]
[White "Grandell, Anders"]
[Black "Wickstrom, Lucas"]
[Result "0-1"]
[WhiteElo "2026"]
[BlackElo "2177"]
[PlyCount "104"]
[EventDate "2009.06.28"]
[EventType "tourn"]
[EventRounds "13"]
[EventCountry "SWE"]
[SourceTitle "EXT 2024"]
[Source "ChessBase"]
[SourceDate "2023.10.10"]
[SourceVersion "1"]
[SourceVersionDate "2023.10.10"]
[SourceQuality "1"]

1. d4 Nf6 2. c4 c5 3. d5 e6 4. Nc3 exd5 5. cxd5 d6 6. e4 g6 7. Nf3 Bg7 8. Bd3 a6 9. a4 Bg4 10. 0-0 0-0 11. h3 Bxf3 12. Qxf3 Nbd7 13. Bf4 Ne5 14. Bxe5 dxe5 15. a5 Rc8 16. b3 Ne8 17. Nd1 Nd6 18. Qe2 f5 19. Nc3 Rf7 20. Ra4 Kh8 21. Kh1 Qc7 22. Qc2 Rcf8 23. Qe2 Qd8 24. Qe3 Rc7 25. Kg1 Qc8 26. Qe2 Qd8 27. Rd1 Qg5 28. h4 Qd8 29. h5 Qg5 30. hxg6 hxg6 31. Qe3 Qxe3 32. fxe3 Bh6 33. Re1 f4 34. exf4 Bxf4 35. Nd1 Rh7 36. Rf1 Bh2+ 37. Kh1 Bg3+ 38. Kg1 Rxf1+ 39. Kxf1 Rh1+ 40. Ke2 Re1+ 41. Kd2 Rg1 42. Ne3 Bf4 43. Ke2 Bxe3 44. Kxe3 Rxg2 45. Be2 Rg1 46. b4 c4 47. b5 c3 48. bxa6 c2 49. a7 c1Q+ 50. Kf2 Qc5+ 51. Kf3 Qc3+ 52. Kf2 Qg3# 0-1

[Event "SWE-ch U20"]
[Site "Kungsor"]
[Date "2009.07.07"]
[Round "9"]
[White "Grandell, Anders"]
[Black "Vaarala, Eric"]
[Result "0-1"]
[WhiteElo "2026"]
[BlackElo "1959"]
[PlyCount "60"]
[EventDate "2009.06.28"]
[EventType "tourn"]
[EventRounds "13"]
[EventCountry "SWE"]
[SourceTitle "EXT 2024"]
[Source "ChessBase"]
[SourceDate "2023.10.10"]
[SourceVersion "1"]
[SourceVersionDate "2023.10.10"]
[SourceQuality "1"]

1. d4 c5 2. d5 Nf6 3. c4 e5 4. dxe6 fxe6 5. g3 Nc6 6. Bg2 Be7 7. Nf3 0-0 8. 0-0 Kh8 9. Bf4 d5 10. Nbd2 d4 11. Bg5 e5 12. Ne1 Ng4 13. Bxe7 Qxe7 14. Nd3 Bf5 15. Nb3 e4 16. Nf4 Qd6 17. e3 Rae8 18. h3 Nge5 19. Nd2 g5 20. Ne2 Nf3+ 21. Nxf3 exf3 22. Bxf3 Bxh3 23. Bg2 Bxg2 24. Kxg2 Qf6 25. b3 Qf3+ 26. Kh2 Ne5 27. Nxd4 cxd4 28. exd4 Ng4+ 29. Kg1 Re2 30. d5 Nxf2 0-1